Samoa A-Z Quiz - Statistics

General Stats
  • This quiz has been taken 317 times
  • The average score is 12 of 26
Answer Stats
Letter Hint Answer % Correct
A Samoa's capital Apia
94%
E One of the two official languages English
86%
P Samoa is in this ocean Pacific
81%
C Largest religion Congregationalist Christian
78%
J Famous Samoan known as 'The Rock' Dwayne Johnson
75%
G This country briefly ruled Samoa in the early 20th century Germany
73%
D Samoa is famous for its fire... dancing
66%
N Became independent from this country in 1962 New Zealand
66%
T Currency of Samoa Tālā
62%
U Most populated island of Samoa Upolu
57%
F 'Third gender' of Samoan culture Fa'afafine
55%
O Raw fish in lemon and coconut cream Oka
54%
K Samoan word for cabbage Kapisi
49%
R One of Samoa's major crops is the Taro... root
43%
W 'Malietoa' means Great... Warrior
35%
X Samoa's 'premiere nightclub', Club... X
31%
Q Mafui'e is the god of earth... quakes
30%
M Non-violent movement for Samoan independence; Samoan for 'opinion' Mau
28%
V Robert Louis Stevenson is buried atop this mountain Mt. Vaea
26%
H Samoans are known throughout Polynesia as the... Happy People
16%
B Samoan national anthem: "The... Banner of Freedom"
15%
Y Famous Samoan-American sumo wrestler's ring-name Yokozuna
11%
L Olympic diver of Samoan descent Greg Louganis
9%
I Official name of Samoa Independent State of Samoa
9%
S Highest point on Samoa Mt. Silisili
7%
Z One of the stars in the constellation on the Samoan flag Zeta Crucis
4%
No matching quizzes found
Score Distribution
Percent of People with Each Score
Percentile by Number Answered
Your Score History
You have not taken this quiz